1471 1597 1919 1738 1993 1536 1726 1297 1034 1196 1018 1922 1350 1822 1980 1804 1814 1454 1253 1345 1359 1081 1545 1434 1872 1516 1637 1184 1766 1804 1166 1197 1008 1711 1844 1507 1937 1287 1969 1060 1352 1731 1012 1975 1921 1525 1385 1066 1373 1655 1834 1419 1752 1251 1428 1560 1888 1769 1205 1679 1522 1213 1926 1300 1056 1515 1118 1660 1641 1590 1223 1849 1440 1011 1361 1773 1895 1791 1265 1118 1047 1212 1568 1034 1784 1278 1774 1118 1745 1861 1821 1990 1619 1535 1873 1206 1287 1084 1290 BCNSPRNW ULIB Ver.6.0+V

เปลี่ยนเป็นภาษาไทย

Change to English
 แสดงรายละเอียดบรรณานุกรม
  กลับหน้าหลัก

Brief Record : Get Marc (ISO 2709) : E-mail record : QR code < ปิดหน้าต่าง
LEADER : 00000nam 2200000uu 4500
001    13399113913
003     ULIB
008    120112s2549||||th 000 0 tha d
050  4 ^aQH581.2^bซ534 ล.2 2549
245 00 ^aเซลล์ชีววิทยาทางการแพทย์ 2:กลไกการทำงานของเซลล์และเนื้อเยื่อ /^cบรรณาธิการ, สิทธิศักดิ์หรรษาเวก, ชัยวัฒน์ สว่างคง
260    ^aกรุงเทพฯ :^bภาควิชาชีวเคมี คณะแพทยศาสตร์จุฬาลงกรณ์มหาวิทยาลัย,^c2549
300    ^a2 เล่ม :^bภาพประกอบ ;^c29 ซม.
650  7 ^aชีววิทยา
650  7 ^aเซลล์
650  7 ^aชีวโมเลกุล
700 0  ^aสิทธิศักดิ์ หรรษาเวก,^eบรรณาธิการ
700 0  ^aชัยวัฒน์ สว่างคง,^eบรรณาธิการ
710 2  ^aจุฬาลงกรณ์มหาวิทยาลัย. ^bคณะแพทยศาสตร์. ^bภาควิชาชีวเคมี
945    ^p0^l0^i18638
945    ^p0^l0^i18639
945    ^p0^l0^i18640
945    ^p0^l0^i18641
945    ^p0^l0^i18642
995    ^a กัณชพร
999    ^aใช้งานได้ทุกระบบ
รายการนี้ยังไม่มีแท็ก
คุณยังไม่ได้ล็อกอิน คุณสามารถมีกิจกรรมร่วมกับเว็บไซต์ได้ แต่ต้องล็อกอินก่อน ::
  ล็อกอิน

รายการสื่อสารสนเทศ

ลำดับที่ ประเภท เลขเรียก/บาร์โค้ด สถานที่ สถานะ
- ไม่พบข้อมูล -

รายการใกล้เคียง
    หัวเรื่อง [ชีววิทยา]
    หัวเรื่อง [เซลล์]
    หัวเรื่อง [ชีวโมเลกุล]

BibComment


ยังไม่เคยถูกคอมเมนท์

คอมเมนท์ทรัพยากรรายการนี้
  คอมเมนท์: เซลล์ชีววิทยาทาง..


 Copyright 2026. Bcnsprnw @Library